000 00226nam a22000857a 4500
008 160712b xxu||||| |||| 00| 0 eng d
100 _92678
_a Ogilvie, L.J
245 _aMaking Stress Work for you
260 _aTexas
_b Word Book
_c1971
999 _c2328
_d2328